| 000 | 00407nam a22001577a 4500 | ||
|---|---|---|---|
| 003 | PILC | ||
| 005 | 20151012101614.0 | ||
| 008 | 151012b xxu||||| |||| 00| 0 eng d | ||
| 020 | _a0440225701 | ||
| 050 |
_aPZ 7 _b.G869 1998 |
||
| 100 | _aGrisham, John. | ||
| 245 |
_aThe street lawyer / _cJohn Grisham. |
||
| 260 |
_aNew York : _bIsland Books, _c1998. |
||
| 300 |
_a452 pages ; _c19 cm. |
||
| 942 |
_2lcc _cBK |
||
| 999 |
_c288843 _d288843 |
||